| 000 | 00315 a2200133 4500 | ||
|---|---|---|---|
| 999 |
_c324846 _d324846 |
||
| 001 | 89773 | ||
| 003 | NUST | ||
| 082 | _a823.92 JAM | ||
| 100 |
_aJames E L _96614 |
||
| 245 |
_aFifty shades Freed _cJames E L |
||
| 260 |
_aLondon _bArrow Books _c2011 |
||
| 300 | _aviii, 584p. | ||
| 500 | _aGeneral Books | ||
| 942 |
_aCAE NUST _cBK _k823.92 JAM _2ddc |
||